The shipyard dance /
In 1996 The Liz Lerman Dance Exchange created the largest public art event ever staged in northern New England, finding common ground between the arts and the military.
| Corporate Authors: | , , |
|---|---|
| Other Authors: | , , |
| Format: | Video |
| Language: | English |
| Published: |
Derry, NH :
Chip Taylor Communications,
[2005]
|
| Series: | Dance in video.
Dance series. |
| Subjects: | |
| Online Access: | Connect to this online video Connect to this online video |
MARC
| Tag | First Indicator | Second Indicator | Subfields |
|---|---|---|---|
| LEADER | 00000cgm a2200000Mi 4500 | ||
| 001 | in00003493721 | ||
| 005 | 20190407115113.0 | ||
| 006 | m o c | ||
| 007 | cr |n|---||a|a | ||
| 007 | vz |zazu| | ||
| 008 | 060426p20051999nhu058 g o vleng d | ||
| 035 | |a (OCoLC)ocn780480332 | ||
| 035 | |a (OCoLC)780480332 | ||
| 040 | |a ALSTP |b eng |c ALSTP |d OCLCQ |d CUS |d OCLCQ |d OCLCO |d OCLCQ |d UtOrBLW | ||
| 043 | |a n-us-nh | ||
| 049 | |a TXAM | ||
| 050 | 4 | |a GV1783.2 |b .S55 2005 | |
| 245 | 0 | 4 | |a The shipyard dance / |c Acadia Pictures presents ; a film by H. James Gilmore and Neil D. Novello ; written, narrated and directed by H. James Gilmore ; produced, edited and filmed by H. James Gilmore, Neil D. Novello. |
| 246 | 1 | |i Original container title: |a Liz Lerman : |b the shipyard dance | |
| 264 | 1 | |a Derry, NH : |b Chip Taylor Communications, |c [2005] | |
| 300 | |a 1 online resource (video file (58 min.) | ||
| 336 | |a two-dimensional moving image |b tdi |2 rdacontent | ||
| 337 | |a computer |b c |2 rdamedia | ||
| 338 | |a online resource |b cr |2 rdacarrier | ||
| 347 | |a video file |2 rda | ||
| 490 | 1 | |a Dance series | |
| 500 | |a Film originally released in 1999. | ||
| 500 | |a Previously released on DVD. | ||
| 520 | |a In 1996 The Liz Lerman Dance Exchange created the largest public art event ever staged in northern New England, finding common ground between the arts and the military. | ||
| 521 | |a Audience level: Junior high through adult. | ||
| 586 | |a Crystal Award of Excellence | ||
| 500 | |a Electronic resource. | ||
| 600 | 1 | 0 | |a Lerman, Liz. |
| 610 | 2 | 0 | |a Dance Exchange. |
| 610 | 2 | 0 | |a Portsmouth Naval Shipyard (U.S.) |
| 630 | 0 | 0 | |a Shipyard project (Choreographic work : Lerman) |
| 650 | 0 | |a Modern dance. | |
| 650 | 0 | |a Performance art |z New Hampshire |z Portsmouth. | |
| 655 | 7 | |a Short films. |2 lcgft | |
| 655 | 7 | |a Internet videos. |2 lcgft | |
| 655 | 7 | |a Filmed dance. |2 lcgft | |
| 655 | 7 | |a Nonfiction films. |2 lcgft | |
| 700 | 1 | |a Gilmore, H. James, |e screenwriter, |e narrator, |e director, |e producer, |e film editor. | |
| 700 | 1 | |a Lerman, Liz, |e choreographer. | |
| 700 | 1 | |a Novello, Neil D., |e producer, |e film editor. | |
| 710 | 2 | |a Acadia Pictures (Firm) | |
| 710 | 2 | |a Chip Taylor Communications. | |
| 710 | 2 | |a Liz Lerman Dance Exchange. | |
| 776 | 1 | 8 | |i Print version: |t Shipyard dance. |d Derry, NH : Chip Taylor Communications, [2005] |w (OCoLC)67712029 |
| 830 | 0 | |a Dance in video. | |
| 856 | 4 | 0 | |u http://proxy.library.tamu.edu/login?url=http://www.aspresolver.com/aspresolver.asp?DAIV;1665796 |z Connect to this online video |t 0 |
| 856 | 4 | 0 | |u http://proxy.library.tamu.edu/login?url=http://www.aspresolver.com/aspresolver.asp?VASC;1665796 |z Connect to this online video |t 0 |
| 830 | 0 | |a Dance series. | |
| 994 | |a 92 |b TXA | ||
| 999 | |a MARS | ||
| 999 | f | f | |s 63675bc8-b0a1-3403-a4be-144cdec775a2 |i 5d6c42eb-ea34-3b18-a5df-22969e254076 |t 0 |
| 952 | f | f | |a Texas A&M University |b College Station |c Electronic Resources |d Available Online |t 0 |e GV1783.2 .S55 2005 |h Library of Congress classification |
| 998 | f | f | |a GV1783.2 .S55 2005 |t 0 |l Available Online |